000 00578nam a2200229Ia 4500
003 OSt
005 20221005113703.0
006 a|||||r|||| 00| 0
007 ta
008 221004b |||||||| |||| 00| 0 mal d
024 _a61633
037 _cTextual
040 _aCRL
_cCRL
_bmal
041 _2mal
_amal
082 _aO32,2M77,1, J6
100 _aVallathole
_9229773
245 0 _aAbhlthya sukum thalam
260 _c1956
650 _aMALAYALAM LITERATURE
_938866
942 _hO32,2M77,1, J6
_cTEXL
_2cc
999 _c1028919
_d1028919